000 00838nam a2200253Ia 4500
003 OSt
005 20221005102954.0
006 a|||||r|||| 00| 0
007 ta
008 221004b |||||||| |||| 00| 0 hin d
024 _a32350
037 _cTextual
040 _aCRL
_cCRL
_bhin
041 _2hin
_ahin
082 _aO152:gxN06,1, L4
100 _aवाजपेयी, नन्ददुलारे
245 0 _aआधुनिक साहित्य
246 _aĀdhunik sāhitya
260 _aइलाहाबाद
_bभारती भंडार भारत
_c1974
300 _a399पृ.
_ccm.
650 _aहिन्दी साहित्य
942 _hO152:gxN06,1, L4
_cTEXL
_2cc
999 _c1009200
_d1009200